| 000 | 00749nam a22002057a 4500 | ||
|---|---|---|---|
| 999 |
_c13121 _d13121 |
||
| 003 | AR-CdUCM | ||
| 008 | 190411b ||||| |||| 00| 0 spa d | ||
| 040 |
_aMUNICIPALIDAD PROVINCIAL DEL CUSCO _cBIBLIOTECA MUNICIPAL DEL CUSCO |
||
| 082 |
_26 ed. _a396 / _bR95 |
||
| 100 |
_aRumazo Gonzalez, Alfonso _917266 |
||
| 245 |
_aManuela Zaenz : _bLa libertadora del libertador / |
||
| 260 |
_aCaracas : _bEdime, _c1962. |
||
| 300 |
_a231 páginas ; _c19 cm. |
||
| 505 | _aContenido : Preliminar -- Impresiones de la niñez -- Una caballeresa del sol -- De Pichincha a Ayacucho -- La reina de la Magdalena ... | ||
| 650 |
_aSociales _928612 |
||
| 650 |
_aBiografía _910983 |
||
| 650 |
_aCaracas _93923 |
||
| 942 |
_2ddc _cLIBROS |
||
| 945 |
_arah _d11/04/2019 |
||